| 000 | 00773nam a22002177a 4500 | ||
|---|---|---|---|
| 999 |
_c7270 _d7270 |
||
| 003 | AR-CdUCM | ||
| 008 | 190320b ||||| |||| 00| 0 spa d | ||
| 040 |
_aMUNICIPALIDAD PROVINCIAL DEL CUSCO _cBIBLIOTECA MUNICIPAL DEL CUSCO |
||
| 082 |
_22ed. _a335.4 / _bEN61 |
||
| 100 |
_aEngels, Federico _95460 |
||
| 245 |
_aAnti-Dühring : _bintroducción a todas las ciencias y a todas las doctrinas marxistas / |
||
| 260 |
_aMéxico : _bFuente Cultural, |
||
| 300 |
_a415 páginas ; _c22 cm. |
||
| 500 | _aDonación familia Nieto | ||
| 505 | _aContenido: Filosofía -- Economía política -- Socialismo ... | ||
| 650 |
_aFilosofía marxista _914324 |
||
| 650 |
_aBurguesía _912355 |
||
| 650 |
_aDesarrollo del pensamiento humano _920487 |
||
| 942 |
_2ddc _cLIBROS |
||
| 945 | _aafb | ||